[Event "Titled Tue 22nd Jul Early"]
[Site "chess.com INT"]
[Date "2025.07.22"]
[Round "3"]
[White "Molina,Rob"]
[Black "Nakamura,Hi"]
[Result "0-1"]
[WhiteElo "2377"]
[BlackElo "2807"]

1.d4 g6 2.e4 Bg7 3.Nc3 a6 4.Be3 d6 5.Qd2 Nd7 6.h4 h6 7.O-O-O b5 8.h5 g5 9.f4 gxf4
10.Bxf4 Bb7 11.Nf3 b4 12.Nd5 e6 13.Nxb4 a5 14.Nd3 Bxe4 15.Nf2 Bd5 16.c4 Bb7
17.Bd3 Ngf6 18.d5 exd5 19.Rde1+ Kf8 20.Nd4 dxc4 21.Bxc4 Nb6 22.Bb3 a4 23.Bc2 Nfd5
24.Nf5 Nc4 25.Qe2 Bxb2+  0-1

[Event "Titled Tue 22nd Jul Early"]
[Site "chess.com INT"]
[Date "2025.07.22"]
[Round "4"]
[White "Nakamura,Hi"]
[Black "Bacrot,E"]
[Result "0-1"]
[WhiteElo "2807"]
[BlackElo "2631"]

1.e4 c5 2.Nf3 d6 3.Bb5+ Bd7 4.Bxd7+ Nxd7 5.O-O Ngf6 6.d3 g6 7.b3 Bg7 8.Bb2 O-O
9.Qe2 b5 10.a4 b4 11.Nbd2 e5 12.Ne1 d5 13.g3 Re8 14.Ng2 Nb8 15.Ne3 Nc6 16.Qf3 dxe4
17.Nxe4 Nd4 18.Bxd4 cxd4 19.Nc4 Nxe4 20.Qxe4 Qd7 21.Rfe1 Rac8 22.Re2 f5 23.Qg2 Re7
24.Rae1 Rce8 25.a5 h5 26.a6 Kh7 27.Qb7 Qe6 28.Qxb4 Qxa6 29.Qd6 Qb5 30.Qa3 Qd5
31.Qa5 Qxa5 32.Nxa5 e4 33.Kf1 g5 34.Nc4 Re6 35.Ra1 R8e7 36.Ree1 g4 37.Ra5 exd3
38.Rc1 dxc2 39.Rxc2 Re1+ 40.Kg2 Rd1 41.Rd2 Rxd2 42.Nxd2 Kg6 43.Kf1 Rb7 44.Rd5 Rb6
45.Ke2 a6 46.Kd3 Bf6 47.Kc2 Rc6+ 48.Nc4 Re6 49.Kd2 Rc6 50.Kd3 Re6 51.Ra5 h4
52.Ra1 h3 53.Ra5 Re1 54.Rxa6 Rh1 55.Ne5+ Kg7 56.Ra7+ Kg8 57.Nd7 Bg7 58.Nc5 Rxh2
59.Ke2 Rh1 60.Ra8+ Kf7 61.Ra7+ Kg8 62.Ra8+ Kh7 63.Ne6 h2 64.Ra7 Rb1 65.Rxg7+ Kh8
66.Re7 h1=Q 67.Nf4 Qf3+ 68.Kd2 Qd1+  0-1

[Event "Titled Tue 22nd Jul Late"]
[Site "chess.com INT"]
[Date "2025.07.22"]
[Round "4"]
[White "Nakamura,Hi"]
[Black "Kravtsiv,M"]
[Result "1-0"]
[WhiteElo "2807"]
[BlackElo "2598"]

1.e4 e5 2.Bc4 Nf6 3.d3 Nc6 4.Nc3 Na5 5.Qf3 c6 6.Nge2 b5 7.Bb3 d6 8.h3 Be7
9.O-O O-O 10.Ng3 d5 11.Bg5 d4 12.Nb1 Nxb3 13.axb3 a5 14.Nd2 Ne8 15.Bxe7 Qxe7
16.Nf5 Qf6 17.Ra2 Be6 18.Rfa1 a4 19.Ra3 Rb8 20.bxa4 b4 21.Rb3 g6 22.Ng3 Qxf3
23.Nxf3 Bxb3 24.cxb3 f6 25.Nf1 Nc7 26.Rc1 Rb6 27.g3 Ne6 28.N1d2 Ra6 29.Kf1 Kf7
30.Nc4 Ke7 31.Ke2 Kd7 32.Ne1 c5 33.Nf3 Ke7 34.Ne1 g5 35.Nf3 h5 36.h4 g4 37.Nfd2 Kf7
38.Rf1 Kg6 39.f3 gxf3+ 40.Rxf3 Rf7 41.Rf1 Nf8 42.Nf3 Nd7 43.Rg1 Kh6 44.Rc1 Rg7
45.Kf2 Rg6 46.Ncd2 Kg7 47.Kg2 Kf7 48.Rf1 Ke6 49.Kh3 Ra8 50.Rf2 Rag8 51.Nf1 R8g7
52.N3h2 Rg8 53.Rf5 Rh8 54.g4 Rgh6 55.g5 Rg6 56.Nf3 Rf8 57.Ng3 Kd6 58.Nxh5 fxg5
59.hxg5 Ra8 60.Kg4 c4 61.bxc4 Rxa4 62.Rf7 Ra5 63.Ng3 Ke6 64.Rf5  1-0

[Event "Titled Tue 22nd Jul Late"]
[Site "chess.com INT"]
[Date "2025.07.22"]
[Round "5"]
[White "Kovalenko,I"]
[Black "Nakamura,Hi"]
[Result "0-1"]
[WhiteElo "2676"]
[BlackElo "2807"]

1.Nf3 d5 2.c4 e6 3.e3 Nf6 4.b3 b6 5.Bb2 Bb7 6.Nc3 Bd6 7.Nb5 Be7 8.Be5 Na6
9.Be2 O-O 10.O-O c6 11.Nc3 Nd7 12.Bg3 Ba3 13.Rb1 Nb4 14.d4 Re8 15.Qd2 a5
16.Rfd1 f5 17.Ra1 Na6 18.Ne5 Nf6 19.cxd5 exd5 20.Qc2 g6 21.Bh4 Be7 22.a3 Nb8
23.Na4 Nfd7 24.Bxe7 Qxe7 25.Nxd7 Nxd7 26.Bf3 Qd6 27.g3 Ba6 28.Rdc1 Rac8 29.Qd2 Qb8
30.Ra2 Nf6 31.Rac2 Re6 32.Nc3 Rf8 33.Be2 Bc8 34.f3 Rfe8 35.Nd1 Bd7 36.b4 axb4
37.axb4 b5 38.Bd3 R6e7 39.Ra2 g5 40.Kf2 Rf7 41.Rca1 Ne4+ 42.Bxe4 fxe4 43.f4 Bg4
44.Kg1 Bf3 45.Qc3 Qd6 46.Ra8 Rxa8 47.Rxa8+ Kg7 48.Nf2 gxf4 49.exf4 Re7 50.Nh3 h6  0-1

[Event "Titled Tue 22nd Jul Early"]
[Site "chess.com INT"]
[Date "2025.07.22"]
[Round "5"]
[White "Liyanage,Ranindu Dilshan"]
[Black "Nakamura,Hi"]
[Result "0-1"]
[WhiteElo "2410"]
[BlackElo "2807"]

1.e4 g6 2.d4 Bg7 3.Nc3 a6 4.Be3 d6 5.Qd2 Nd7 6.a4 b6 7.Bd3 Bb7 8.Nf3 e6 9.O-O h6
10.Rfe1 Ne7 11.Ne2 Nf6 12.Ng3 Ng4 13.c3 Nxe3 14.Qxe3 Qd7 15.e5 Rd8 16.Be4 d5
17.Bc2 a5 18.Bd3 Qc8 19.h4 c5 20.Rac1 Bc6 21.dxc5 bxc5 22.Qxc5 Qb7 23.Nd4 O-O
24.Qxa5 Ra8 25.Qb4 Rxa4 26.Qxb7 Bxb7 27.f4 Rfa8 28.Nge2 Ra2 29.Rb1 Nc8 30.Nc1 R2a4
31.Bb5 R4a7 32.Nd3 Bf8 33.Bc6 Bxc6 34.Nxc6 Ra6 35.Nd4 Nb6 36.h5 gxh5 37.Kf2 Nc4
38.Rh1 Rb6 39.Rxh5 Ra2 40.f5 Bg7 41.fxe6 fxe6 42.Kg3 Kh7 43.Re1 Nxb2 44.Nf4 Ra3
45.Ndxe6 Rxc3+ 46.Kg4 Rc4 47.Kf5 d4 48.Reh1 d3 49.Nxg7 Kxg7 50.R5h3 d2 51.Nd5 Rg6
52.Ne3 Rc1 53.Ke4 Re1 54.Kf3 Ra6 55.Rg3+ Kf8 56.e6 Rxe6 57.Kf2 R6xe3 58.Rxe3 Nd1+  0-1

[Event "Titled Tue 22nd Jul Early"]
[Site "chess.com INT"]
[Date "2025.07.22"]
[Round "6"]
[White "Nakamura,Hi"]
[Black "Sek,K"]
[Result "1-0"]
[WhiteElo "2807"]
[BlackElo "2368"]

1.e4 e5 2.Bc4 Nf6 3.d3 Nc6 4.Nc3 Na5 5.Qf3 c6 6.Nge2 Be7 7.Qg3 Nxc4 8.dxc4 d6
9.b3 O-O 10.O-O Nh5 11.Qf3 g6 12.Bh6 Ng7 13.Ng3 f6 14.Rad1 Qc7 15.Qe3 Rf7
16.f4 Ne6 17.f5 Nd4 18.Rd2 Bd7 19.Nd1 c5 20.c3 Nc6 21.Rdf2 g5 22.Qd2 Bf8
23.Bxf8 Raxf8 24.Ne3 Be8 25.Rd1 Rd7 26.Qe2 Qa5 27.Rd3 a6 28.h4 gxh4 29.Qg4+ Rg7
30.Qxh4 b5 31.Nd5 Qd8 32.Nf1 bxc4 33.bxc4 Kh8 34.Rh3 Rff7 35.Nfe3 Qa5 36.Ng4 Qd8
37.Ngxf6 Na5 38.Rff3 Nxc4 39.Rfg3 Nb6 40.Qxh7+  1-0

[Event "Titled Tue 22nd Jul Late"]
[Site "chess.com INT"]
[Date "2025.07.22"]
[Round "6"]
[White "Nakamura,Hi"]
[Black "Deac,Bogdan-Daniel"]
[Result "1/2-1/2"]
[WhiteElo "2807"]
[BlackElo "2674"]

1.e4 e5 2.Bc4 Nf6 3.d3 Nc6 4.Nc3 Bb4 5.Bd2 Bxc3 6.Bxc3 d5 7.Bb5 dxe4 8.dxe4 Bd7
9.f3 Qe7 10.Qc1 O-O-O 11.Bxc6 Bxc6 12.Qg5 Rde8 13.O-O-O Rhg8 14.Nh3 Nd7 15.Qe3 b6
16.Nf2 f6 17.Kb1 Nf8 18.Nd3 a5 19.b4 a4 20.a3 Ne6 21.Nb2 Rd8 22.Qe2 b5 23.Bd2 Rd7
24.Be3 Rgd8 25.c4 Rxd1+ 26.Rxd1 Rxd1+ 27.Nxd1 Qd7 28.Nc3 Nd4 29.Qd3 bxc4
30.Qxc4 Nb5 31.Kb2 Nxc3 32.Qxc3 Bb5 33.f4 exf4 34.Bxf4 Qc6 35.g3 Qxc3+ 36.Kxc3 Kd7
37.Kd4 c6 38.e5 Ke6 39.exf6 Kxf6 40.h4 g6 41.Bc7 h5 42.Bf4 Kf5 43.Bc7 Kf6
44.Bf4 Kf5 45.Bc7 Kf6  1/2-1/2

[Event "Titled Tue 22nd Jul Early"]
[Site "chess.com INT"]
[Date "2025.07.22"]
[Round "7"]
[White "Sanal,V"]
[Black "Nakamura,Hi"]
[Result "0-1"]
[WhiteElo "2550"]
[BlackElo "2807"]

1.e4 g6 2.d4 Bg7 3.Nf3 d6 4.Bd3 c5 5.c3 cxd4 6.cxd4 Bg4 7.Be3 Nc6 8.Nbd2 Bxd4
9.Bxd4 Nxd4 10.Qa4+ Nc6 11.Rc1 Bd7 12.Qb3 Nf6 13.O-O O-O 14.a3 Rb8 15.Rfd1 b5
16.h3 Qb6 17.Nf1 Be6 18.Qc3 Rfc8 19.Qd2 Na5 20.Qh6 Rxc1 21.Rxc1 Nb3 22.Rc3 Nc5
23.Ng5 b4 24.axb4 Qxb4 25.Ne3 Qxb2 26.Rxc5 dxc5 27.Nxe6 Qa1+ 28.Kh2 fxe6
29.Qf4 Nd7 30.Ng4 Rf8 31.Qc7 Qd4 32.Bb5 h5 33.Bxd7 hxg4 34.Bxe6+ Kh8 35.Qxe7 Qe5+
36.Kg1 Qa1+ 37.Kh2 Qe5+ 38.Kg1 Qf6 39.Qxc5 gxh3 40.Bxh3 Rf7 41.e5 Qb6 42.Qc2 Rb7
43.Qc8+ Kg7 44.e6 Qc7 45.Qe8 Rb1+  0-1

[Event "Titled Tue 22nd Jul Late"]
[Site "chess.com INT"]
[Date "2025.07.22"]
[Round "7"]
[White "Sjugirov,S"]
[Black "Nakamura,Hi"]
[Result "0-1"]
[WhiteElo "2635"]
[BlackElo "2807"]

1.c4 e6 2.Nc3 d5 3.d4 Be7 4.Nf3 Nf6 5.Bg5 h6 6.Bh4 b6 7.e3 O-O 8.Rc1 Bb7
9.Bxf6 Bxf6 10.cxd5 exd5 11.Qb3 Re8 12.Be2 c6 13.O-O Nd7 14.Rfd1 Nf8 15.Bd3 Ne6
16.Bb1 g6 17.Qc2 Bg7 18.a3 Ng5 19.Nxg5 Qxg5 20.Ne2 Bf8 21.Nf4 h5 22.Nd3 Bd6
23.f4 Qf6 24.Ne5 c5 25.Qf2 Rac8 26.a4 Rc7 27.b3 Rec8 28.Rc2 c4 29.bxc4 dxc4
30.Ba2 c3 31.Bb3 Be4 32.h3 Bxc2 33.Qxc2 Kg7 34.Kh1 Qf5 35.Rd3 Bxe5 36.dxe5 h4
37.Kh2 a6 38.e6 fxe6 39.Qd1 c2 40.Bxc2 Rxc2 41.Rd7+ Kh6 42.Qe1 g5 43.fxg5+ Qxg5  0-1

[Event "Titled Tue 22nd Jul Early"]
[Site "chess.com INT"]
[Date "2025.07.22"]
[Round "8"]
[White "Lortkipanidze,N"]
[Black "Nakamura,Hi"]
[Result "0-1"]
[WhiteElo "2359"]
[BlackElo "2807"]

1.e4 g6 2.d4 Bg7 3.Nc3 a6 4.Be3 d6 5.Qd2 Nd7 6.O-O-O b5 7.h4 h6 8.Nh3 Bb7
9.h5 g5 10.f4 gxf4 11.Nxf4 b4 12.Ncd5 e6 13.Nxb4 a5 14.Nbd3 Bxe4 15.Be2 Ngf6
16.Bf3 Nb6 17.Qe2 Qd7 18.Bf2 Bxf3 19.gxf3 Nfd5 20.Rhg1 Bf6 21.Nxd5 Nxd5 22.Kb1 Qb5
23.Ka1 a4 24.Nc1 Qxe2 25.Nxe2 Kd7 26.c4 Nb6 27.Rc1 d5 28.cxd5 Nxd5 29.Nc3 a3
30.b3 Rhg8 31.Nxd5 exd5 32.Kb1 Rae8 33.Rxg8 Rxg8 34.Rg1 Re8 35.Re1 Rg8 36.Rg1 Rb8
37.Be3 Re8 38.Bxh6 Bxd4 39.Rd1 c5 40.Bc1 Re2 41.Rh1 Ke6 42.h6 c4 43.h7 c3
44.h8=Q c2+  0-1

[Event "Titled Tue 22nd Jul Late"]
[Site "chess.com INT"]
[Date "2025.07.22"]
[Round "8"]
[White "Nakamura,Hi"]
[Black "Movahed,Sina"]
[Result "1-0"]
[WhiteElo "2807"]
[BlackElo "2558"]

1.e4 e5 2.Bc4 Nc6 3.d3 Nf6 4.Nc3 Bc5 5.f4 d6 6.Nf3 Bg4 7.Bb5 O-O 8.Bxc6 bxc6
9.h3 Bxf3 10.Qxf3 Nd7 11.Bd2 a5 12.Ne2 a4 13.h4 a3 14.b3 exf4 15.d4 Bb6 16.Bxf4 c5
17.O-O-O cxd4 18.Nxd4 Re8 19.Nf5 Qf6 20.c3 Ra5 21.Bg5 Qe6 22.Rhf1 Rc5 23.Qg3 Ba5
24.Nh6+ Kf8 25.Nxf7 Nf6 26.Bxf6 gxf6 27.Ng5 Qg8 28.Rxf6+ Ke7 29.Rf3 h6 30.e5 Rxe5
31.Rf7+ Kd8 32.Qf3 d5 33.Rxd5+  1-0

[Event "Titled Tue 22nd Jul Early"]
[Site "chess.com INT"]
[Date "2025.07.22"]
[Round "9"]
[White "Nakamura,Hi"]
[Black "Xue,Haowen"]
[Result "1-0"]
[WhiteElo "2807"]
[BlackElo "2518"]

1.e4 c5 2.Nf3 e6 3.c3 d5 4.exd5 Qxd5 5.d4 Nf6 6.Na3 a6 7.Nc4 Nbd7 8.Be3 b5
9.Na5 Ng4 10.Be2 Nxe3 11.fxe3 Be7 12.O-O Qd6 13.Nd2 Ra7 14.Bf3 Rc7 15.a4 O-O
16.Qe2 Qb6 17.axb5 axb5 18.Kh1 Nf6 19.Nab3 Bb7 20.Bxb7 Qxb7 21.Nc1 c4 22.e4 e5
23.d5 Ra8 24.Rb1 Nd7 25.Qg4 Qc8 26.Qg3 Ra6 27.Ne2 Rg6 28.Qf3 Nf6 29.h3 Bc5
30.Ng3 Rg5 31.Nf5 Ne8 32.Ra1 Bf8 33.Ra5 b4 34.Rfa1 bxc3 35.bxc3 Qd7 36.Ra8 Rg6
37.Nf1 Rf6 38.N1e3 g6 39.Ng4 Rb6 40.Nxe5  1-0

[Event "Titled Tue 22nd Jul Late"]
[Site "chess.com INT"]
[Date "2025.07.22"]
[Round "9"]
[White "Naroditsky,D"]
[Black "Nakamura,Hi"]
[Result "1-0"]
[WhiteElo "2619"]
[BlackElo "2807"]

1.e4 e5 2.Nf3 Nc6 3.Bb5 Nf6 4.O-O Nxe4 5.d4 Nd6 6.Ba4 e4 7.Ne5 Be7 8.Nc3 O-O
9.Re1 Nf5 10.Rxe4 Nfxd4 11.Nd5 Ne6 12.c3 Bd6 13.Nc4 Nc5 14.Nxd6 cxd6 15.Rg4 Ne5
16.Rg3 Kh8 17.Bc2 f5 18.Bg5 Qe8 19.Nc7 Qf7 20.Qxd6 Ne4 21.Qxe5 d6 22.Qe7 Nxg3
23.hxg3 Rb8 24.Bb3  1-0

[Event "Titled Tue 22nd Jul Early"]
[Site "chess.com INT"]
[Date "2025.07.22"]
[Round "10"]
[White "Gukesh,D"]
[Black "Nakamura,Hi"]
[Result "0-1"]
[WhiteElo "2776"]
[BlackElo "2807"]

1.Nf3 d5 2.g3 g6 3.Bg2 Bg7 4.d4 Nd7 5.O-O Ngf6 6.c4 dxc4 7.Na3 Nb6 8.Nxc4 Nxc4
9.Qa4+ c6 10.Qxc4 Be6 11.Qc2 Bf5 12.Qb3 Qb6 13.e3 O-O 14.Bd2 Be4 15.Qa3 Qc7
16.Rac1 Rfd8 17.Ne5 Bxg2 18.Kxg2 Bf8 19.b4 Nd7 20.f4 e6 21.Qb3 Nf6 22.Qd3 Qd6
23.Kg1 Qd5 24.Rfd1 Qxa2 25.e4 Qa4 26.Be1 a6 27.g4 Qb5 28.Qf3 Nd7 29.Bh4 Nxe5
30.fxe5 Rd7 31.Rf1 Qxb4 32.d5 cxd5 33.exd5 Qd4+  0-1

[Event "Titled Tue 22nd Jul Late"]
[Site "chess.com INT"]
[Date "2025.07.22"]
[Round "10"]
[White "Nakamura,Hi"]
[Black "Piliposyan,Robert"]
[Result "1-0"]
[WhiteElo "2807"]
[BlackElo "2415"]

1.e4 e5 2.Bc4 Nf6 3.d3 c6 4.Nf3 d5 5.Bb3 Bb4+ 6.Bd2 Bxd2+ 7.Qxd2 a5 8.a3 dxe4
9.Nxe5 O-O 10.Nxf7 Rxf7 11.dxe4 Qxd2+ 12.Nxd2 a4 13.Bxf7+ Kxf7 14.f3 Be6
15.Kf2 Nbd7 16.Nf1 Nb6 17.Ne3 Ra5 18.Rhb1 g5 19.b3 axb3 20.cxb3 Nfd7 21.g3 Rc5
22.Rc1 Bxb3 23.Nf5 Rxc1 24.Rxc1 Nc8 25.f4 gxf4 26.gxf4 Be6 27.Nd4 Nd6 28.Kf3 c5
29.Ne2 Bc4 30.Ng3 Bd3 31.e5 Nf5 32.Rd1 Nd4+ 33.Ke3 Bg6 34.Ne2 Ke6 35.Nxd4+ cxd4+
36.Rxd4 Nc5 37.h4 Bf5 38.Rd6+ Ke7 39.Rf6 Bb1 40.f5 Nd7 41.Re6+ Kf7 42.Kf4 Nc5
43.Rb6 Nd3+ 44.Ke3 Bc2 45.Rxb7+ Kf8 46.Kd2 Nxe5 47.Rb8+ Kf7 48.Kxc2 Kf6 49.a4 Kxf5
50.a5 Nc6 51.Rb6 Nxa5 52.Rb5+ Kg4 53.Rxa5 Kxh4 54.Kd2  1-0

[Event "Titled Tue 22nd Jul Early"]
[Site "chess.com INT"]
[Date "2025.07.22"]
[Round "11"]
[White "Nakamura,Hi"]
[Black "Vachier Lagrave,M"]
[Result "1/2-1/2"]
[WhiteElo "2807"]
[BlackElo "2736"]

1.d4 Nf6 2.c4 g6 3.Nc3 d5 4.cxd5 Nxd5 5.e4 Nxc3 6.bxc3 Bg7 7.Nf3 c5 8.Bb5+ Nc6
9.O-O O-O 10.Be3 Bg4 11.Bxc6 bxc6 12.Qa4 Bxf3 13.gxf3 cxd4 14.cxd4 c5 15.Rad1 cxd4
16.Bxd4 Bxd4 17.Rxd4 Qc7 18.Rfd1 Qf4 19.Kg2 Rfc8 20.Qa5 Kg7 21.Qd2 Qxd2 22.R1xd2 Rc7
23.Rd7 Rac8 24.R7d5 e6 25.Ra5 Rb7 26.Ra3 Rc1 27.Rb3 Rbc7 28.Ra3 g5 29.Ra5 h6
30.Rb2 Rd1 31.Rb3 Kg6 32.f4 gxf4 33.Rf3 Rd4 34.Rxf4  1/2-1/2

[Event "Titled Tue 22nd Jul Late"]
[Site "chess.com INT"]
[Date "2025.07.22"]
[Round "11"]
[White "Bluebaum,M"]
[Black "Nakamura,Hi"]
[Result "1-0"]
[WhiteElo "2660"]
[BlackElo "2807"]

1.d4 d5 2.c4 e6 3.Nc3 Be7 4.cxd5 exd5 5.Bf4 c6 6.e3 Bf5 7.f3 Nd7 8.e4 Be6
9.Bd3 Nb6 10.Nge2 Nf6 11.O-O O-O 12.e5 Ne8 13.b3 c5 14.Be3 Rc8 15.f4 cxd4
16.Bxd4 f6 17.Kh1 fxe5 18.fxe5 Rxf1+ 19.Qxf1 Nc7 20.Nf4 Qd7 21.Qb1 g6 22.Bxg6 hxg6
23.Qxg6+ Kh8 24.Qh6+ Kg8 25.Ng6 Rf8 26.Qh8+ Kf7 27.Nxf8 Bxf8 28.Rf1+ Bf5
29.g4 Ke8 30.gxf5 Nb5 31.Bc5  1-0

[Event "Esports World Cup 2025"]
[Site "Riyadh KSA"]
[Date "2025.07.31"]
[Round "1.1.3"]
[White "Aronian,L"]
[Black "Nakamura,Hi"]
[Result "1-0"]
[WhiteElo "2742"]
[BlackElo "2807"]

1.e4 e5 2.Nf3 Nc6 3.Bb5 Nf6 4.O-O Nxe4 5.d4 Nd6 6.Bxc6 dxc6 7.dxe5 Nf5 8.Qxd8+ Kxd8
9.Nc3 Ke8 10.a4 Be6 11.a5 Rd8 12.Ra4 h6 13.Re1 Be7 14.h3 b5 15.axb6 axb6
16.g4 Nh4 17.Nxh4 Bxh4 18.Kg2 Be7 19.Ne2 c5 20.Nf4 Bd7 21.Ra7 Bc6+ 22.f3 Bh4
23.Re2 Bb5 24.Rd2 Rxd2+ 25.Bxd2 Kd7 26.e6+ Kc6 27.exf7 Bc4  1-0

[Event "Esports World Cup 2025"]
[Site "Riyadh KSA"]
[Date "2025.07.31"]
[Round "1.1.2"]
[White "Nakamura,Hi"]
[Black "Aronian,L"]
[Result "1-0"]
[WhiteElo "2807"]
[BlackElo "2742"]

1.d4 Nf6 2.c4 e6 3.Nc3 d5 4.cxd5 exd5 5.Bg5 Bb4 6.Rc1 c6 7.e3 Bf5 8.Ne2 Nbd7
9.Ng3 Bg4 10.Qb3 Qb6 11.Bd3 h6 12.Bxf6 Nxf6 13.Bf5 Bd6 14.Qc2 Bxg3 15.hxg3 Bxf5
16.Qxf5 Qxb2 17.Qe5+ Kf8 18.O-O Qb4 19.Rc2 Re8 20.Qc7 Qe7 21.Qa5 b6 22.Qa4 Rc8
23.Nb5 g6 24.Qxa7 Qb4 25.Qb7 Kg7 26.Nc7 Qe7 27.Rxc6 Rb8 28.Qa7 Kh7 29.Rfc1 Rhc8
30.Qa4 Kg7 31.Nxd5 Rxc6 32.Qxc6 Nxd5 33.Qxd5 b5 34.Rc5 b4 35.Qc4 h5 36.Rb5 Rxb5
37.Qxb5 Kh7 38.Qc5 Qb7 39.d5 b3 40.axb3 Qxb3 41.d6  1-0

[Event "Esports World Cup 2025"]
[Site "Riyadh KSA"]
[Date "2025.07.31"]
[Round "1.1.4"]
[White "Nakamura,Hi"]
[Black "Aronian,L"]
[Result "1-0"]
[WhiteElo "2807"]
[BlackElo "2742"]

1.d4 Nf6 2.c4 e6 3.Nc3 Bb4 4.Qc2 O-O 5.a3 Bxc3+ 6.Qxc3 d5 7.e3 b6 8.cxd5 exd5
9.Bd3 Ba6 10.Bxa6 Nxa6 11.Qc6 Qc8 12.Ne2 Rd8 13.Bd2 Rd6 14.Qc2 Ne4 15.f3 Nxd2
16.Qxd2 c5 17.dxc5 Nxc5 18.Rd1 Ne6 19.O-O Qe8 20.Ng3 Rad8 21.Nf5 R6d7 22.Rfe1 g6
23.Nh6+ Kg7 24.Ng4 f6 25.e4 dxe4 26.Qh6+  1-0

[Event "Esports World Cup 2025"]
[Site "Riyadh KSA"]
[Date "2025.07.31"]
[Round "1.1.1"]
[White "Aronian,L"]
[Black "Nakamura,Hi"]
[Result "1/2-1/2"]
[WhiteElo "2742"]
[BlackElo "2807"]

1.e4 e5 2.Nf3 Nc6 3.Bb5 Nf6 4.O-O Nxe4 5.d4 Nd6 6.Bxc6 dxc6 7.dxe5 Nf5 8.Qxd8+ Kxd8
9.Nc3 Ke8 10.a4 Ne7 11.a5 Nd5 12.Nxd5 cxd5 13.Be3 c5 14.c3 Be6 15.Rfd1 Rc8
16.Ne1 Be7 17.Nd3 Kd7 18.b4 cxb4 19.cxb4 a6 20.Bc5 Rc6 21.h3 Rd8 22.f4 h5
23.Bxe7 Kxe7 24.Nc5 d4 25.Rd2 d3 26.Rxd3 Rxd3 27.Nxd3 Rc4 28.Rc1 Rd4 29.Rc3 Bf5
30.Nf2 Rxb4 31.Rc7+ Bd7 32.Nd3 Rb1+ 33.Kf2 Kd8 34.Rc2 Bf5 35.Rc3 Rb5 36.Nc5 h4
37.g4 hxg3+ 38.Kxg3 Ke7 39.h4 g6 40.h5 gxh5 41.Kh4 f6 42.Kxh5 fxe5 43.Kg5 Be6
44.f5 Bd5 45.f6+ Kd6 46.Na4 e4 47.Kf4 Rb1 48.Nb6 Rf1+ 49.Kg5 Be6 50.Nc4+ Bxc4
51.Rxc4 Ke5 52.Rc5+ Ke6 53.Rc7 Rf5+ 54.Kg4 Kxf6 55.Rxb7 Rxa5 56.Kf4 Ke6 57.Kxe4 Ra4+
58.Kd3 Kd5 59.Kc3 Rh4 60.Rb6 Ra4 61.Kb3 Ra5 62.Kb4 Ra1 63.Rh6 Kd4 64.Rh5 Rb1+
65.Ka5 Ra1+ 66.Kb6 Ke4 67.Ra5 Rb1+ 68.Kxa6 Rh1 69.Rb5 Kd4 70.Ka5 Kc4 71.Rb4+ Kc3
72.Rb5 Rh4 73.Kb6 Kd4 74.Rb4+ Kd3 75.Rxh4 Ke3 76.Rb4 Kf3 77.Kb5 Ke3 78.Kc5 Kd3
79.Kd5 Kc3 80.Rd4 Kb3 81.Rc4 Kb2 82.Kc5 Kb3 83.Kd4 Ka3 84.Kd3 Kb3 85.Rc3+ Kb4
86.Kd4 Kb5 87.Kd5 Kb6 88.Rc4 Kb5 89.Rc5+ Kb4 90.Kd4 Kb3 91.Rc4 Kb2 92.Kc5 Kb3
93.Kb5 Kb2  1/2-1/2

[Event "Esports World Cup 2025"]
[Site "Riyadh KSA"]
[Date "2025.07.31"]
[Round "2.1.2"]
[White "Nakamura,Hi"]
[Black "Carlsen,M"]
[Result "1/2-1/2"]
[WhiteElo "2807"]
[BlackElo "2839"]

1.d4 d5 2.c4 e6 3.g3 dxc4 4.Bg2 c5 5.Qa4+ Bd7 6.Qxc4 Bc6 7.Bxc6+ Nxc6 8.dxc5 Qd4
9.Qb3 Qb4+ 10.Nd2 Bxc5 11.Nf3 Nf6 12.Qc2 O-O 13.a3 Nd4 14.Qd3 Nxf3+ 15.Qxf3 Qb5
16.O-O Rfd8 17.b4 Be7 18.Nb3 Qd5 19.Qxd5 Nxd5 20.Bb2 Rac8 21.Rfc1 f6 22.Na5 Rxc1+
23.Rxc1 Rd7 24.Rc8+ Kf7 25.Rb8 b6 26.Nc6 a6 27.e4 Nc7 28.Rxb6 e5 29.Rb7 Rd1+
30.Kg2 Bd6 31.Na5 Ke6 32.Nc4 Kd7 33.a4 Kc8 34.Rb6 Be7 35.b5 axb5 36.axb5 Rd3
37.Rc6 Kd7 38.Nb6+ Kd8 39.Bc3 Bd6 40.Nd5 Kd7 41.Nb6+ Kd8 42.Nd5 Kd7 43.Nb6+ Kd8  1/2-1/2

[Event "Esports World Cup 2025"]
[Site "Riyadh KSA"]
[Date "2025.07.31"]
[Round "2.1.4"]
[White "Nakamura,Hi"]
[Black "Carlsen,M"]
[Result "0-1"]
[WhiteElo "2807"]
[BlackElo "2839"]

1.d4 d5 2.c4 e6 3.Nf3 Nf6 4.g3 Be7 5.Bg2 O-O 6.O-O a5 7.b3 b6 8.cxd5 exd5
9.Nc3 Bb7 10.Bf4 Re8 11.Rc1 Na6 12.Ne5 h6 13.Nd3 Bf8 14.h4 c5 15.dxc5 bxc5
16.Na4 Rc8 17.Be5 Ne4 18.Bb2 d4 19.Ba3 Nb4 20.Bxb4 cxb4 21.Rxc8 Qxc8 22.Nf4 Nc3
23.Bxb7 Qxb7 24.Qxd4 Nxe2+ 25.Nxe2 Rxe2 26.Qd8 Rxa2 27.Nb6 Qe7 28.Qc8 Rb2
29.Nd7 Rd2 30.Nxf8 Qxf8 31.Qf5 Qd8 32.h5 Qd5 33.Qg4 Kh7 34.Ra1 a4 35.bxa4 b3
36.a5 b2 37.Re1 Qd3  0-1

[Event "Esports World Cup 2025"]
[Site "Riyadh KSA"]
[Date "2025.07.31"]
[Round "2.1.1"]
[White "Carlsen,M"]
[Black "Nakamura,Hi"]
[Result "1-0"]
[WhiteElo "2839"]
[BlackElo "2807"]

1.d4 d5 2.c4 c5 3.cxd5 Qxd5 4.e3 e6 5.Nc3 Qd8 6.Nf3 Nf6 7.e4 cxd4 8.Nxd4 e5
9.Bb5+ Bd7 10.Bxd7+ Qxd7 11.Nc2 Qxd1+ 12.Kxd1 Nc6 13.Ke2 Nb4 14.Ne3 Rc8 15.Rd1 Bc5
16.Nf5 g6 17.Bg5 Rc6 18.Nd6+ Bxd6 19.Bxf6 O-O 20.Rac1 Rfc8 21.g4 Na6 22.Rd5 Nb4
23.Rd2 Bf8 24.g5 Bg7 25.Be7 Bf8 26.Bxf8 Kxf8 27.Rcd1 Na6 28.Nb5 Rb6 29.Nxa7 Re8
30.Rc1 Nb8 31.Nc8 Rc6 32.Rxc6 Nxc6 33.Nb6 Nd4+ 34.Ke3 Kg7 35.Nd7 Ne6 36.h4 Nf4
37.Kf3 h6 38.Nxe5 hxg5 39.hxg5 Ne6 40.Ke3 Rh8 41.f4 Rh4 42.Nf3 Rg4 43.Rd7 Rxf4
44.Rxb7 Rg4 45.Rxf7+ Kxf7 46.Ne5+ Ke7 47.Nxg4 Nxg5 48.a4  1-0

[Event "Esports World Cup 2025"]
[Site "Riyadh KSA"]
[Date "2025.07.31"]
[Round "2.1.6"]
[White "Nakamura,Hi"]
[Black "Carlsen,M"]
[Result "1-0"]
[WhiteElo "2807"]
[BlackElo "2839"]

1.d4 d5 2.c4 e6 3.Nf3 Nf6 4.g3 Be7 5.Bg2 O-O 6.O-O dxc4 7.Qc2 a6 8.a4 Bd7
9.Qxc4 Bc6 10.Bf4 Bd6 11.Nc3 Nbd7 12.Rfd1 Bxf4 13.gxf4 Nb6 14.Qb3 Nbd5 15.e3 Nxc3
16.bxc3 b5 17.c4 bxc4 18.Qxc4 Bd5 19.Qc5 Nd7 20.Qc2 h6 21.Rac1 Rc8 22.Qe2 c5
23.Qxa6 c4 24.Qd6 Rc6 25.Qa3 Qa8 26.Ne1 Bxg2 27.Nxg2 Rfc8 28.e4 Ra6 29.d5 exd5
30.Qh3 Nf6 31.e5 Ne4 32.Rxd5 Rxa4 33.Ne3 Rd8 34.Rxd8+ Qxd8 35.Rd1 Nd2 36.Nf1 Ra2
37.Qe3 Qa8 38.Rxd2 Ra1 39.Qd4  1-0

[Event "Esports World Cup 2025"]
[Site "Riyadh KSA"]
[Date "2025.07.31"]
[Round "2.1.7"]
[White "Carlsen,M"]
[Black "Nakamura,Hi"]
[Result "1-0"]
[WhiteElo "2839"]
[BlackElo "2807"]

1.Nf3 Nf6 2.c4 g6 3.Nc3 Bg7 4.e4 d6 5.d4 O-O 6.Be2 e5 7.O-O Nc6 8.d5 Ne7
9.b4 a5 10.bxa5 c5 11.a4 Rxa5 12.Re1 Ne8 13.Ra3 f5 14.Ng5 Nc7 15.Bd2 h6 16.Nf3 Ra6
17.exf5 Nxf5 18.Bd3 Ne8 19.h3 Bd7 20.Ne4 Nf6 21.Qc2 Nxe4 22.Bxe4 Qf6 23.Bc3 g5
24.Rb1 b6 25.Nh2 Rfa8 26.Ng4 Qf8 27.Qd3 Nd4 28.Ne3 Rxa4 29.Rxa4 Rxa4 30.Rxb6 Ra3
31.Kf1 Ra2 32.Nd1 Ba4 33.Qb1 Bxd1 34.Qxa2 Qf4 35.Rb8+ Bf8 36.Qb1 Be2+ 37.Kg1 Bxc4
38.Bxd4 exd4 39.Bh7+ Kh8 40.Bf5 Kg8 41.g3 Qf3 42.Be6+ Kh8 43.Qg6  1-0

[Event "Esports World Cup 2025"]
[Site "Riyadh KSA"]
[Date "2025.07.31"]
[Round "2.1.5"]
[White "Carlsen,M"]
[Black "Nakamura,Hi"]
[Result "1/2-1/2"]
[WhiteElo "2839"]
[BlackElo "2807"]

1.e4 e5 2.Nf3 Nc6 3.Nc3 Nf6 4.Bb5 Bb4 5.O-O O-O 6.Bxc6 dxc6 7.Nxe5 Bxc3 8.dxc3 Nxe4
9.Bf4 Bf5 10.Re1 Qxd1 11.Raxd1 Nd6 12.Nd3 Rfe8 13.f3 f6 14.g4 Bg6 15.Rxe8+ Rxe8
16.Kf2 Rd8 17.Re1 Nc4 18.b3 Bxd3 19.cxd3 Nb2 20.Re7 Nxd3+ 21.Kg3 Nxf4 22.Kxf4 Rd2
23.Rxc7 Rxa2 24.Rxb7 a5 25.Ra7 Ra3 26.c4 Rxb3 27.Rxa5 Rb4 28.Rc5 Rb6 29.Ra5 Rb4
30.Rc5 Rb6 31.Ra5 Rb4  1/2-1/2

[Event "Esports World Cup 2025"]
[Site "Riyadh KSA"]
[Date "2025.07.31"]
[Round "2.1.3"]
[White "Carlsen,M"]
[Black "Nakamura,Hi"]
[Result "0-1"]
[WhiteElo "2839"]
[BlackElo "2807"]

1.d4 Nf6 2.c4 g6 3.Nc3 Bg7 4.e4 d6 5.Nf3 O-O 6.h3 e5 7.d5 a5 8.Be3 Na6 9.g4 Nd7
10.Rg1 Ndc5 11.a3 Bd7 12.Qc2 Kh8 13.O-O-O f5 14.gxf5 gxf5 15.h4 f4 16.Bxc5 Nxc5
17.Ng5 h6 18.Nf3 Bf6 19.h5 Rg8 20.Be2 Qe7 21.Rxg8+ Rxg8 22.b4 axb4 23.axb4 Na6
24.Qb2 Bg4 25.Rh1 c5 26.b5 Nb4 27.Kd2 Qf7 28.Na2 Bd8 29.Nxb4 Ba5 30.Kd3 Bxb4
31.Qa1 Kh7 32.Kc2 b6 33.Qa6 Ba5 34.Kd3 Bc8 35.Qa8 Bb7 36.Qa7 Ra8 37.Qxa8 Bxa8
38.Nh4 f3 39.Bxf3 Qf4  0-1

[Event "Esports World Cup 2025"]
[Site "Riyadh KSA"]
[Date "2025.08.01"]
[Round "3.1.4"]
[White "Nakamura,Hi"]
[Black "Erigaisi,Arjun"]
[Result "1-0"]
[WhiteElo "2807"]
[BlackElo "2776"]

1.d4 d5 2.c4 c6 3.Nf3 Nf6 4.g3 g6 5.Bg2 Bg7 6.O-O O-O 7.Ne5 dxc4 8.Nxc4 Be6
9.Ne5 Nbd7 10.Nf3 Nb6 11.Nc3 Qc8 12.Qc2 Bh3 13.e4 Rd8 14.Bf4 h6 15.Rad1 Bxg2
16.Kxg2 Nfd7 17.Rfe1 Re8 18.h4 Nf8 19.Qb3 Ne6 20.Be3 Qc7 21.d5 cxd5 22.exd5 Nc5
23.Nb5 Qc8 24.Bxc5 Qxc5 25.Rc1 Qxd5 26.Nc7 Qxb3 27.axb3 Bxb2 28.Nxa8 Nxa8
29.Rc2 Bf6 30.Nd2 Rd8 31.Ne4 Kg7 32.Nc5 Rd5 33.Nxb7 Rb5 34.Nc5 Nb6 35.Rd1 a5
36.Rd8 Be5 37.Re8 Bd4 38.Ne4 Re5 39.Kf3 Nd5 40.Rd8 Bb6 41.Rb8 Rf5+ 42.Kg2 Re5
43.Rc4 Re6 44.Rb7 f5 45.Nc3 Nxc3 46.Rxc3 Kf7 47.Rc2 Rd6 48.Re2 Bd8 49.Re5 Kf6
50.Reb5 g5 51.h5 g4 52.Rc5 Kg5 53.Rbb5 e6 54.Rb7 Kxh5 55.Rg7 Bf6 56.Rg8 Rd8
57.Rxd8 Bxd8 58.Re5 Kg5 59.Rxe6 h5 60.Rd6 Bc7 61.Rc6 Bd8 62.Rc5 Bb6 63.Rd5 Bc7
64.Rb5 Bd8 65.Rb8 Bc7 66.Rf8 Bd6 67.Rg8+ Kh6 68.f3 Bb4 69.f4 Be7 70.Re8 Bb4
71.Rg8 Be7 72.Kh2 h4 73.gxh4 Kh5 74.Rh8+ Kg6 75.Kg3 Bb4 76.Re8 Kf7 77.Re5 Kf6
78.h5 Bd6 79.Rxa5 Bb4 80.Ra6+  1-0